000 00614nam a22002417a 4500
003 UA-OsUOA
001 21767
007 ta
008 20031213b un ||||| |||| 00| 0 ukr d
090 _a008(082.24)
_bК90
942 _cBK
040 _aUA-OsUOA
_brus
_cUA-OsUOA
_dUA-OsUOA
245 _aКультурология
_bХрестоматия
_cСост. П.С.Гуревич, проф.
300 _a592 с.
955 _a0
041 _arus
080 _a008(082.24)
020 _a5-8297-0063-8
260 _aМосква
_bГардарики
_c2000
044 _aRU
650 7 _2UDC
999 _c307974
_d307974